Na kim w LM wy***ała się Barcelona w 21w - Statystyki

Ogólne statystyki
  • Ten quiz został rozwiązany 1 355 razy
  • Średni wynik to 14 z 18
Statystyki odpowiedzi
Hint Odpowiedź % Poprawnych
2019/20 Bayern Monachium
91%
2012/13 Bayern Monachium
91%
2018/19 Liverpool
90%
2006/07 Liverpool
90%
2020/21 PSG
88%
2022/23 Manchester United
87%
2007/08 Manchester United
87%
2016/17 Juventus
85%
2002/03 Juventus
85%
2001/02 Real Madryt
84%
2011/12 Chelsea
77%
2004/05 Chelsea
77%
2009/10 Inter Mediolan
73%
2015/16 Atletico Madryt
72%
2013/14 Atletico Madryt
72%
2017/18 Roma
68%
2000/01 Milan
49%
2021/22 Eintracht Frankfurt
46%
Nie znaleziono quizów pasujących do podanych kryteriów
Rozkład punktacji
Procent ludzi z każdym wynikiem
Percentyl według liczby udzielonych odpowiedzi
Twoja historia wyników
Nie rozwiązałeś tego quizu